Music Quiz

Random Music or Lyrics Quiz

Places in Song Lyrics Quiz Stats

 Plays Quiz Updated Nov 2, 2015

Challenge
Share
Tweet
Score 0/16 Timer 06:00
0 Plays Today
% Correct
1. Taj Mahal
82.4%
3. Pyramids
73.6%
8. Bermuda
71.4%
13. Graceland
61%
9. Andes
60.7%
7. Kilimanjaro
58%
6. Kremlin
53.6%
4. Gulf of Mexico
50.7%
% Correct
16. Indian Ocean
49.1%
12. Gibraltar
41.5%
2. Times Square
40.6%
5. Khyber Pass
37.2%
10. Big Ben
34.3%
11. Waikiki
32.7%
14. Hollywood Sign
27%
15. Lake Geneva
11%

You're not logged in!

Compare scores with friends on all Sporcle quizzes.
Join for Free
OR
Log In

You Might Also Like...

Show Comments

Extras

Top Quizzes Today


Score Distribution

Your Account Isn't Verified!

In order to create a playlist on Sporcle, you need to verify the email address you used during registration. Go to your Sporcle Settings to finish the process.

Report this User

Report this user for behavior that violates our Community Guidelines.

Details: